000 01055nmm a2200313 a 4500
001 ocm000882929
003 TR-IsHL
005 20201028144414.0
008 141121s2014 tu tur
007 cr cn
020 _a9786055765514
035 _a882929
_b(N$T)
050 0 4 _aRJ496.A86
_b.E73 2014
090 0 4 _aRJ496.A86
_b.E73 2014
100 1 _aErcan, Eyüp Sabri
245 1 0 _aAnne-baba ve eğitimciler için dikkat eksikliği hiperaktivite bozukluğu
_h[electronic resource] /
_cEyüp Sabri Ercan ; Cahide Aydın
250 _a5. bs.
260 _aİstanbul :
_bPupa Yayınları,
_c2014
300 _a257 p.
650 4 _aTıp
650 4 _aMedicine
650 0 _aDikkat eksikliği hiperaktivite bozukluğu
650 0 _aAttention-deficit hyperactivity disorder
650 0 _aHiperaktif çocuklar
650 0 _aHyperactive children
650 7 _aPSYCHOLOGY / Developmental / Child
_2bisacsh
700 1 _aAydın, Cahide
856 4 0 _uhttp://search.ebscohost.com/login.aspx?direct=true&scope=site&db=e011xww&AN=882929
999 _c9409
_d9409